Ο γολγοθάς του έθνους, οι μαύρες μέρες της σκλαβιάς 1941-1944 στη Ρούμελη και στο στοιχειωμένο Χαϊδάρι : όπως τις είδε και τις έζησε ο τότε αντισ/χης Δημ. Πλούμης ώς αρχηγός του ΕΔΕΣ Ν. Στερεάς Ελλάδος και ώς μελλοθάνατος στο Χαϊδάρι, φώς στα αγνωστα γεγονότα

Αποθηκεύτηκε σε:
Λεπτομέρειες βιβλιογραφικής εγγραφής
Κύριος συγγραφέας: Πλούμης, Δημήτριος, Αθ
Μορφή: Βιβλίο
Γλώσσα:Greek
Δημοσίευση: Αθήναι : [Τυπογραφείον Νικολάου Μ. Κωβαίου], 1971.
Θέματα:
Ετικέτες: Προσθήκη ετικέτας
Δεν υπάρχουν, Καταχωρήστε ετικέτα πρώτοι!

MARC

LEADER 00000nam a2200000 a 4500
001 1/127168
008 230822t1971####gr | ||| |||| ||gre||
040 |a GR-MyUa  |b gre  |c GR-MyUa  |e AACR2 
041 0 |a gre 
082 7 |a 938.76   |2 (23) 
100 1 |a Πλούμης, Δημήτριος, Αθ. 
245 1 2 |a Ο γολγοθάς του έθνους, οι μαύρες μέρες της σκλαβιάς 1941-1944 στη Ρούμελη και στο στοιχειωμένο Χαϊδάρι :   |b όπως τις είδε και τις έζησε ο τότε αντισ/χης Δημ. Πλούμης ώς αρχηγός του ΕΔΕΣ Ν. Στερεάς Ελλάδος και ώς μελλοθάνατος στο Χαϊδάρι, φώς στα αγνωστα γεγονότα /   |c Δημητρίου Αθ. Πλούμη.  
260 |a Αθήναι :   |b [Τυπογραφείον Νικολάου Μ. Κωβαίου],   |c 1971.  
300 |a 264 σ. ;   |c 24 εκ.  
500 |a Στη σ.τ. φέρει σφραγίδα Βιβλιοθήκη Αγροτικής Τραπέζης Μητρώον 11208... 
500 |a Εις μνήμην των θυμάτων της Εθνικής Οργανώσεως ΕΔΕΣ. -- Νοτίου Στερεάς Ελλάδος κατά την κατοχήν 1943-1944.  
650 0 |a World War, 1939-1945  |v Personal narratives. 
651 0 |a Greece  |x History  |y 1940-1944. 
651 0 |a Roumele (Greece)  |x History  |y 1940-1944. 
852 |a INST  |b SAMOS  |e 20230821  |h 938.76 ΠΛΟ  |p 005300047828  |q 005300047828  |t BK  |y 0 
970 |a Γουβάλα  |b Βάσω  |z 22-8-2023